Biggest Cities and Urban Areas in Italy - Whammies - Statistics

General Stats
  • This quiz has been taken 57 times
  • The average score is 29 of 40
Answer Stats
# # # % Correct
Stadt 1.366.155 Milan
100%
Urban Area 5.040.400 Milan
100%
City 2.746.984 Rome
100%
Agglomeration 3.254.500 Rome
100%
Stadt 856.745 Turin
100%
Agglomeration 1.490.500 Turin
100%
Agglomeration 1.048.800 Venice / Padua
100%
Stadt 908.082 Naples
97%
Agglomeration 3.778.700 Naples
97%
Stadt 390.734 Bologna
95%
Agglomeration 553.400 Bologna
95%
Stadt 625.956 Palermo
95%
Agglomeration 859.500 Palermo
95%
Stadt 315.473 Bari
92%
Agglomeration 366.900 Bari
92%
Stadt 362.353 Florence
92%
Agglomeration 933.400 Florence
92%
Stadt 563.947 Genoa
92%
Agglomeration 645.600 Genoa
92%
Stadt 249.466 Venice
92%
Stadt 297.517 Catania
86%
Agglomeration 753.100 Catania
86%
Stadt 255.133 Verona
81%
Agglomeration 408.900 Verona
81%
Stadt 198.986 Parma
76%
Stadt 216.918 Messina
68%
Stadt 207.694 Padua
65%
Agglomeration 286.800 Cagliari
59%
Stadt 184.739 Modena
57%
Stadt 198.668 Trieste
54%
Agglomeration 906.400 Bergamo
51%
Stadt 199.949 Brescia
51%
Agglomeration 495.900 Brescia
51%
Stadt 185.909 Taranto
43%
Stadt 198.326 Prato
30%
Agglomeration 417.700 Rimini
22%
Agglomeration 397.900 Vicenza
14%
Agglomeration 294.600 Pescara
8%
Agglomeration 434.500 La Spezia / Massa
5%
Agglomeration 270.100 Treviso
5%
No matching quizzes found
Score Distribution
Percent of People with Each Score
Percentile by Number Answered
Your Score History
You have not taken this quiz